000 01229nam a22003377a 4500
003 CHAP
005 20220329143722.0
008 110405s19? mx a r 00010 spa d
010 _a100854
011 _a101826
035 _a112514
040 _cCHAP
082 0 4 _a635
_bM366
100 0 0 _aMartínez de Alva, Ernesto.
_971964
245 1 0 _aManual de horticultura
_c/por Ernesto Martínez de Alva
260 _aMéxico, D.F. :
_bCompañía Editora Agrícola,
_c[19?]
300 _a72 p. :
_bilus.
590 _aBATCH-UPD
_b10
_c20130110
_lUCH01
_h0853
590 _aBATCH-UPD
_b10
_c20130410
_lUCH01
_h0524
590 _aBATCH-UPD
_b10
_c20130914
_lUCH01
_h1624
590 _aCONVERSION
_b10
_c20130109
_lUCH01
_h1356
650 1 4 _aHorticultura.
_956291
650 1 4 _aLabranza.
_964303
901 _aBK
942 _cLIBRO
949 _a635 M366
_bBC
_cLIBRO
_d33724002259678
_eLIBRO
_fc.5
_h114605
_i112514
_sb
949 _a635 M366
_bBC
_cLIBRO
_d33724002259710
_eLIBRO
_fc.4
_h114604
_i112514
_sb
949 _a635 M366
_bBC
_cLIBRO
_d33724002259751
_eLIBRO
_fc.3
_h114603
_i112514
_sb
949 _a635 M366
_bBC
_cLIBRO
_d33724002259793
_eLIBRO
_fc.2
_h114602
_i112514
_sb
949 _a635 M366
_bBC
_cLIBRO
_d33724002259835
_eLIBRO
_h114601
_i112514
_sb
999 _c100854
_d100854